Hội họa thời Phục Hưng

Đã lưu trong:
Sonraí Bibleagrafaíochta
Príomhúdar: Alison Cole
Formáid: Leabhar
Teanga:Undetermined
Foilsithe: Tp. HCM Mỹ Thuật 1998
Ábhair:
Clibeanna: Cuir Clib Leis
Gan Chlibeanna, Bí ar an gcéad duine leis an taifead seo a chlibeáil!
Thư viện lưu trữ: Trung tâm Học liệu Trường Đại học Cần Thơ
LEADER 00484nam a2200169Ia 4500
001 CTU_22578
008 210402s9999 xx 000 0 und d
082 |a 759.03 
082 |b C689 
100 |a Alison Cole 
245 0 |a Hội họa thời Phục Hưng 
245 0 |c Alison Cole; Dịch giả: Phạm Cao Hoàn 
260 |a Tp. HCM 
260 |b Mỹ Thuật 
260 |c 1998 
650 |a painting, renaissance 
980 |a Trung tâm Học liệu Trường Đại học Cần Thơ